000 00418nam a2200181Ia 4500
001 10112
005 20260306161807.0
008 260306t1987||||xx |||||||||||||| ||spa||
041 _aESP
082 _a892.7
_bG43 V. 2
100 _aGibrán, Khalil,
_eAUT
245 0 _aObras completas
260 _c1987
300 _apáginas 353-675 :
_c20 cm.
650 _aGEN
654 _aCHU
942 _cLIB
_dJUS
_fJUS
_2ddc
_n
999 _c10112
_d10112